000 00165nam a2200073Ia 4500
008 170524s9999 xx 000 0 und d
100 _aSHARPE
245 0 _aINVESTMENTS
260 _bHIMALYA PUB. HOUSE
999 _c7905
_d7905